000
00316nam a2200121Ia 4500
008
231120s2019 xx 000 0 und d
041
_a
eng
082
_a
751.422
100
_a
MICHAEL LAKIN
245
_a
BEGINNERS GUIDE TO BOTANICAL FLOWER PAINTING
260
_a
SEARCH PRESS
_b
SEARCH PRESS
_c
2019
300
_a
P-128
999
_c
933426
_d
933426